000 00768nam1a22002291i 4500
001 rc\2842922
005 20240726081325.0
035 _a(NLR Aleph) 007000400
090 _a5715155
_c5715155
100 _a20110630d1928 |||y0rusy50 ca
101 0 _arus
102 _aRU
105 _ay z |||||
200 1 _aИстория русского театра ..
_eЧасть 1-
_fЭм. Бескин
210 _aМосква
_aЛенинград
_cГос. изд-во
_d1928
_eН.-Новгород
_gтип. Нижполиграф
215 _d24х16 см
700 1 _aБескин
_bЭ.М.
_f1877-1940
_gЭммануил Мартынович
801 0 _aRU
_bNLR
_gpsbo
801 1 _aRU
_bELAR
_2rusmarc
852 _aNLR
_j51/577
852 _aNLR
_bМф
_jК1/22342
942 _cBOOK